| 000 | 00387nam a2200133Ia 4500 | ||
|---|---|---|---|
| 008 | 220217s9999||||xx |||||||||||||| ||und|| | ||
| 020 | _a978-81-775-8519-3 | ||
| 082 | _a536.2 THI | ||
| 100 | _aThirumaleswar, T. | ||
| 245 | 0 | _aFundamentals of heat and mass transfer | |
| 260 |
_aPearson education of asia _bNew Delhi _c2006 |
||
| 300 |
_aVIII, 766p. _b475 |
||
| 650 | _aMECHANICHAL | ||
| 999 |
_c179268 _d179268 |
||